000 01397nam a2200337Ia 4500
001 ebr10194077
003 CaPaEBR
006 m u
007 cr cn|||||||||
008 070104s2007 nyu sb 001 0 eng d
010 _z 2007060029
020 _z1403979731
040 _aCaPaEBR
_cCaPaEBR
035 _a(OCoLC)237087405
050 1 4 _aP95.82.M628
_bN49 2007eb
082 0 4 _a302.23/0956
_222
245 0 0 _aNew media and the new Middle East
_h[electronic resource] /
_cedited by Philip Seib.
260 _aNew York :
_bPalgrave,
_c2007.
300 _axviii, 263 p.
490 1 _aPalgrave Macmillan series in international political communication
504 _aIncludes bibliographical references and index.
533 _aElectronic reproduction.
_bPalo Alto, Calif. :
_cebrary,
_d2009.
_nAvailable via World Wide Web.
_nAccess may be limited to ebrary affiliated libraries.
650 0 _aMass media
_xPolitical aspects
_zMiddle East.
650 0 _aMass media
_xTechnological innovations.
651 0 _aMiddle East
_xPolitics and government
_y1979-
655 7 _aElectronic books.
_2local
700 1 _aSeib, Philip M.,
_d1949-
710 2 _aebrary, Inc.
830 0 _aPalgrave Macmillan series in international political communication.
856 4 0 _uhttp://site.ebrary.com/lib/rucke/Doc?id=10194077
_zAn electronic book accessible through the World Wide Web; click to view
999 _c221242
_d221242